| 000 | 00454cam a22001577a 4500 | ||
|---|---|---|---|
| 008 | 180718b1970 xxu||||| |||| 00| 0 eng d | ||
| 082 | _aLx54 G959 | ||
| 100 | _aGupta, B.N. | ||
| 245 |
_aIndian federal finance and budgetary policy _cby B.N. Gupta |
||
| 260 |
_aAllahabad _bChattanya _c1970 |
||
| 300 | _a467p. | ||
| 500 | _aRs.37.00 | ||
| 650 | _aFederal - State Relations - India | ||
| 650 | _aFederal Aid - India | ||
| 650 | _aFinance, Public - India | ||
| 999 |
_c367128 _d367128 |
||